| 000 | 01215nam a2200229Ia 4500 | ||
|---|---|---|---|
| 001 | L195-1968 | ||
| 003 | IT-CnALBA | ||
| 008 | 170116s9999||||xx |||||||||||||| ||und|| | ||
| 040 |
_aIT-CnALBA _cIT-CnALBA |
||
| 041 | _aITALIANO | ||
| 100 | _aGIOIA MELCHIORRE | ||
| 245 | 0 | _aFILOSOFIA DELLA STATISTICA ESPOSTA DA MELCHIORRE GIOIA. QUESTIONI SULL'ORDINAMENTO DELLE STATISTICHE. | |
| 250 | _a1a ed. | ||
| 260 |
_aMILANO _bANNALI UNIV. SCIENZE IND. SOC. ED. _c1830 [1° Ed.:1830 - Ed.Ling.Originale: 1830] |
||
| 300 | _a708 p. | ||
| 500 | _aSTORIA E VITA DI MELCHIORRE GIOIA. AUTORITÀ. ABITUDINI MORALI. ATTIVITÀ O INDOLENZA. PREVISIONI E IMPREVISIONI DEI CONSUMI. POVERTÀ RICCHEZZA. OPINIONI LEGGI GOVERNI. ORDINAMENTO DELLE STATISTICHE DI ROMAGNOSI GIANDOMENICO. | ||
| 501 | _aSocietà San Paolo EM - Piazza San Paolo, 14 - 12051 ALBA (CN) (non commercial uses only) ® Copyright 2017 | ||
| 520 | _aSTORIA E VITA DI MELCHIORRE GIOIA. AUTORITÀ. ABITUDINI MORALI. ATTIVITÀ O INDOLENZA. PREVISIONI E IMPREVISIONI DEI CONSUMI. POVERTÀ RICCHEZZA. OPINIONI LEGGI GOVERNI. ORDINAMENTO DELLE STATISTICHE DI ROMAGNOSI GIANDOMENICO. | ||
| 650 | _aFILOSOFIA ITALIANA | ||
| 942 | _cBK | ||
| 957 | _71 | ||
| 999 |
_a2948 _bSI _g Copie: 1 _c261185 _d261185 |
||